Statistics for Guess the Song: The Neighbourhood pt.1

Click here to take the quiz!

General Stats

  • This quiz has been taken 304 times
  • The average score is 8 of 15

Answer Stats

LyricSong% Correct
I tried to write your name in the rain / but the rain never cameDaddy issues
78%
the problem with love, is I'm blinded by itFlawless
70%
you make me wanna scream at the top of my lungsAfraid
67%
sometimes the silence guides our mindsSweater Weather
59%
you're like the sun, you wake me upSoftcore
55%
when he talks I hear his ghosts, every word they say to meWires
54%
even if the sky's on firePretty Boy
50%
the sun's coming out, but I'm feeling colderCrybaby
48%
when you're around, hard for me to breatheNervous
48%
I didn't know they wouldn't mix with your emotionsYou Get Me So High
47%
could've, should've, but you never didReflections
42%
phone works two ways, you know?Baby Came Home 2 / Valentines
38%
you make me feel little how you're looking at meThe Beach
36%
switch the stripper for a wifeDevil's Advocate
32%
I can feel your heart beatin' with mineStargazing
30%

Score Distribution

Percentile by Number Answered

Percent of People with Each Score

Your Score History

You have not taken this quiz